000 00405nam a22001337a 4500
082 _a620.002
_bTHR
_cL-13, P-32
100 _aThrelfall, H.
_940572
245 _aLaboratory Experiments for the Engineering Student
_cThrelfall, H.
260 _aLondon
_bChapman & Hall
_cc1925.
300 _av, 78 p. :
_bill. :
_c16 cm.
526 _a0
_b0
_c0
_d620_002000000000000_THR
650 _aMCE
_9379
942 _2ddc
_cBK
999 _c544833
_d544833